Artyści/zespoły muzyczne mojego dzieciństwa/młodości - Statystyki

Ogólne statystyki
  • Ten quiz został rozwiązany 52 razy
  • Średni wynik to 15 z 25
Statystyki odpowiedzi
Piosenka Artysta % Poprawnych
Mniej niż zero Lady Pank
90%
Słodkiego miłego życia Kombi
84%
Ściernisko Golec uOrkiestra
80%
Mój przyjacielu Krzysztof Krawczyk
80%
Nie płacz Ewka Perfect
80%
Jak anioła głos Feel
78%
We are the champions Queen
78%
Powiedz Ich Troje
70%
Cheri Cheri Lady Modern Talking
70%
Wind Of Change Scorpions
66%
Livin On' A Prayer Bon Jovi
64%
...Baby One More Time Britney Spears
64%
Sacrum Mezo
60%
Black or White Michael Jackson
60%
Daddy Cool Boney M.
56%
Jest taki samotny dom Budka Suflera
54%
Pokolenie Kombii
54%
Głucha noc Peja/Slums Attack
50%
Cicho Ewa Farna
46%
Axel F Crazy Frog
44%
Jej czarne oczy Ivan i delfin
44%
Skarby Liber
32%
Rock&Rollin' Love Afromental
22%
Suczki Ascetoholix
22%
Strangers By Night C.C. Catch
16%
Nie znaleziono quizów pasujących do podanych kryteriów
Rozkład punktacji
Procent ludzi z każdym wynikiem
Percentyl według liczby udzielonych odpowiedzi
Twoja historia wyników
Nie rozwiązałeś tego quizu